<?xml version="1.0" encoding="UTF-8"?><?xml-stylesheet type="text/xsl" href="static/style.xsl"?><OAI-PMH xmlns="http://www.openarchives.org/OAI/2.0/" xmlns:xsi="http://www.w3.org/2001/XMLSchema-instance" xsi:schemaLocation="http://www.openarchives.org/OAI/2.0/ http://www.openarchives.org/OAI/2.0/OAI-PMH.xsd"><responseDate>2026-06-07T19:16:02Z</responseDate><request verb="GetRecord" identifier="oai:docta.ucm.es:20.500.14352/136795" metadataPrefix="marc">https://docta.ucm.es/rest/oai/request</request><GetRecord><record><header><identifier>oai:docta.ucm.es:20.500.14352/136795</identifier><datestamp>2026-05-20T23:49:09Z</datestamp><setSpec>com_20.500.14352_14</setSpec><setSpec>col_20.500.14352_15</setSpec></header><metadata><record xmlns="http://www.loc.gov/MARC21/slim" xmlns:dcterms="http://purl.org/dc/terms/" xmlns:xsi="http://www.w3.org/2001/XMLSchema-instance" xmlns:doc="http://www.lyncode.com/xoai" xsi:schemaLocation="http://www.loc.gov/MARC21/slim http://www.loc.gov/standards/marcxml/schema/MARC21slim.xsd">
   <leader>00925njm 22002777a 4500</leader>
   <datafield ind2=" " ind1=" " tag="042">
      <subfield code="a">dc</subfield>
   </datafield>
   <datafield ind2=" " ind1=" " tag="720">
      <subfield code="a">Herrero Galiano, Eva María</subfield>
      <subfield code="e">author</subfield>
   </datafield>
   <datafield ind2=" " ind1=" " tag="720">
      <subfield code="a">Berna Serna, David</subfield>
      <subfield code="e">author</subfield>
   </datafield>
   <datafield ind2=" " ind1=" " tag="260">
      <subfield code="c">2004-12-12</subfield>
   </datafield>
   <datafield ind2=" " ind1=" " tag="520">
      <subfield code="a">El estudio de E. Herrero y D. Berná analiza la adaptación del pueblo indígena Maká al entorno urbano paraguayo. Tras ser desplazados de su hábitat en el Gran Chaco por la Guerra del Chaco, se asentaron cerca de Asunción. A diferencia de otras etnias, evitaron la marginación extrema mediante una estrategia de integración económica y resistencia cultural.Su modelo de subsistencia se basó en transformar su cultura material en bienes de consumo para el mercado. Se especializaron en la producción de artesanías textiles y tallas de madera para turistas y locales. Además, capitalizaron su propia imagen identitaria, convirtiendo su etnicidad en un activo económico autogestionado.El éxito de esta transición radica en una fuerte cohesión social y un liderazgo comunitario sólido. Preservaron su lengua nativa (mataco-mataguayo), manteniendo altos niveles de monolingüismo, especialmente entre mujeres y niños. El texto concluye que los Maká no son víctimas pasivas del capitalismo globalizado. Al contrario, demuestran cómo la modernidad económica puede ser utilizada para garantizar la supervivencia étnica.</subfield>
   </datafield>
   <datafield ind1="8" ind2=" " tag="024">
      <subfield code="a">Herrero Galiano, E., y Berná Serna, D. (2004). Los Maká: Estrategias de adaptación étnico-económicas de un grupo étnico asentado en Paraguay. Suplemento Antropológico, 39(1), 187-220.</subfield>
   </datafield>
   <datafield ind1="8" ind2=" " tag="024">
      <subfield code="a">0378-9896</subfield>
   </datafield>
   <datafield ind1="8" ind2=" " tag="024">
      <subfield code="a">https://hdl.handle.net/20.500.14352/136795</subfield>
   </datafield>
   <datafield ind2="0" ind1="0" tag="245">
      <subfield code="a">Los Maká: Estrategias de adaptación étnico-económicas de un grupo étnico asentado en Paraguay</subfield>
   </datafield>
</record></metadata></record></GetRecord></OAI-PMH>